00561 2200193 4500001002100000005001500021035002000036008004100056245012100097100002000218260003800238300001200276084001400288082000800302650001500310250000600325020001800331990001800349INLIS00000000000034620240813103000 a0010-0724000346240813 0 ind 1 aBagaimana Membuat Proyek Ilmu Pengetahuan Menjadi Ilmiah Awal Abad Pertengahan dan Abad petengahan /cThomas Moorman aMoorman, Thomas aBandung :bPT Intan Sejati,c2003 a104 hlm a001 THO b a001 4aKarya Umum a1 a0-471-41920-6 aP29/CP/24/346